000 00370nam a2200133Ia 4500
005 20260328104327.0
008 260328s9999||||xx |||||||||||||| ||und||
100 _aCobbers, Arnt
245 0 _aArchitecture in Berlin The 100 Most Important Buidings and Urban Settings /
_cArnt Cobbers
260 _bJaron Verlag
300 _a221 p.
650 _aALEMANIA
942 _cBK
999 _c11564
_d11564